1128 1481 1369 1353 1784 1989 1900 1250 1809 1687 1413 1046 1147 1590 1784 1778 1567 1560 1887 1406 1713 1863 1148 1430 1144 1148 1288 1368 1489 1571 1896 1184 1608 1397 1658 1164 1198 1983 1138 1303 1528 1840 1647 1251 1165 1408 1170 1522 1336 1272 1723 1364 1462 1266 1758 1884 1021 1101 1931 1804 1174 1157 1805 1123 1599 1135 1831 1242 1845 1893 1079 1888 1499 1770 1341 1526 1786 1860 1362 1732 1378 1283 1365 1501 1034 1813 1170 1215 1690 1099 1559 1546 1309 1935 1389 1634 1533 1975 1442 BCNSPRNW ULIB Ver.6.0+V

เปลี่ยนเป็นภาษาไทย

Change to English
 แสดงรายละเอียดบรรณานุกรม
  กลับหน้าหลัก

Brief Record : Get Marc (ISO 2709) : E-mail record : QR code < ปิดหน้าต่าง
LEADER : 00000nam 2200000uu 4500
001    13399111173
003     ULIB
008    110619s2545||||th 000 0 tha d
020    9746577123
060 04 WY20.5^bว551ก 2545
100 0  วิจิตร ศรีสุพรรณ
245 10 การวิจัยทางการพยาบาล :^bหลักการและแนวปฏิบัติ /^cวิจิตรศรีสุพรรณ
250    พิมพ์ครั้งที่ 2
260    เชียงใหม่ :^bโครงการตำรา คณะพยาบาลศาสตร์มหาวิทยาลัยเชียงใหม่,^c2545
300    171 หน้า ;^c27 ซม.
650  7 การพยาบาล^xวิจัย
650  7 พยาบาล^xวิจัย
710 2  มหาวิทยาลัยเชียงใหม่. ^bคณะพยาบาลศาสตร์. ^bโครงการตำรา
945    ^p180^l0^i12860
945    ^p180^l0^i12859
945    ^p180^l0^i12857
945    ^p180^l0^i12856
945    ^p180^l0^i12855
945    ^p180^l0^i12854
945    ^p180^l0^i12852
945    ^p180^l0^i12858
945    ^p180^l0^i12853
995    เกษร
999     ^aใช้งานได้ทุกระบบ
รายการนี้ยังไม่มีแท็ก
คุณยังไม่ได้ล็อกอิน คุณสามารถมีกิจกรรมร่วมกับเว็บไซต์ได้ แต่ต้องล็อกอินก่อน ::
  ล็อกอิน

รายการสื่อสารสนเทศ

ลำดับที่ ประเภท เลขเรียก/บาร์โค้ด สถานที่ สถานะ
- ไม่พบข้อมูล -

รายการใกล้เคียง
    ผู้แต่ง [วิจิตร ศรีสุพรรณ]

BibComment


ยังไม่เคยถูกคอมเมนท์

คอมเมนท์ทรัพยากรรายการนี้
  คอมเมนท์: การวิจัยทางการพยา..


 Copyright 2026. Bcnsprnw @Library